| 000 | 00520nam a22001817a 4500 | ||
|---|---|---|---|
| 003 | CEME | ||
| 005 | 20210628210645.0 | ||
| 008 | 210211b xxu||||| |||| 00| 0 eng d | ||
| 020 | _a0-7637-0412-1 | ||
| 040 | _c. | ||
| 082 | _a542.8 VAN | ||
| 100 |
_aVan Hecke, Gerald.R Karukstis, Kerry.K _980367 |
||
| 245 | _aA guide to lasers in chemistry | ||
| 260 |
_aBOSTON _bJOHN AND BARLETT _c1998 |
||
| 300 | _aX,252P | ||
| 650 |
_aLASERS IN CHEMISTRY. LASERS SPECTROSCOPY .LASERS PHOTOCHEMISTRY _980368 |
||
| 942 |
_cBK _2ddc |
||
| 999 |
_c585317 _d585317 |
||